00682nam a2200229Ia 4500003000400000005001700004008004100021020001800062040000700080041000800087082001900095100005100114245002300165250000600188260003600194300001700230365001300247906002500260942001200285999001900297952013600316OSt20230328151457.0210423s2009 xx 000 0 und d a9788126510504 cAL aeng a547 223bSOLT aSOLOMONS (T W Graham);FRYHLE (Craig B).979127 aOrganic chemistry. a8 aNew DelhibWiley and Sonsc2009 axxx,1255bPB b599cINR achemistry. ; organic 2ddccBK c154362d154362 001040708ACaSACPGbSACPGd2010-01-19eHigginbothams Pvt Ltdg599.00l0o547 SOLTpPG000829r2022-08-24 00:00:00w2021-04-26yBK